000 00222nam a22000857a 4500
008 160804b xxu||||| |||| 00| 0 eng d
100 _924
_aCarrol L
245 _aAlice in Wonderland
260 _aNew Delhi
_bVikas Publication
_c1993
999 _c2674
_d2674